000 02193nam0a2200409 4500
001 RU\NLR\bibl\1085498
005 20260407083201.0
021 _aRU
_b2007-21033
_91109
035 _a(nilc)RSL-KNO-003089871
035 _a(NLR Aleph) 001072660
090 _a1008618
_c1008618
100 _a20070404d2007 |||y0rusy50 ca
101 0 _arus
102 _aRU
105 _aa |||||||||
200 1 _aСоциальный фон трансформационных процессов в Республике Башкортостан
_eпрепринт научного доклада
_f[А.М. Аллаярова, М.С. Ахметова, Г.В. Багаев и др.
_gнауч. ред. Г.М. Россинская, к.э.н.]
_gАкад. наук Республики Башкортостан, Башкирская акад. гос. службы и упр. при Президенте Республики Башкортостан, Территориальный орган Федеральной службы гос. статистики по Республике Башкортостан
210 _aУфа
_cГилем
_d2007
215 _a113 с.
_cил., табл.
_d20
320 _aБиблиогр. в подстроч. прим.
607 _aБашкортостан, Республика
_xСоциально-экономическое развитие
_92098937
_3RU\NLR\auth\661269662
610 0 _aСоциология -- Социальные процессы
610 0 _aБашкортостан
686 _aС556.7,0
_2rubbk
686 _aУ03(2Р-6Б)
686 _aС550.75
701 1 _aАллаярова
_bА. М.
_4070
701 1 _aАхметова
_bМ. С.
_4070
701 1 _aБагаев
_bГ. В.
_4070
702 1 _4340
_8rus
_7ca
_aРоссинская
_bГ. М.
_f1956-
_gГалина Михайловна
_3RU\NLR\AUTH\7758268
_941200
712 0 2 _4570
_aАкадемия наук Республики Башкортостан
_cУфа
_3RU\NLR\AUTH\889694
_9291857
801 0 _aRU
_bРКП
_c20070404
_grcr
801 1 _aRU
_bРГБ
_c20070404
801 2 _aRU
_bNLR
_c20070514
_grcr
830 _aред. по ГАК
942 _cBOOK
980 _aNB